Una historia de la razón : Conversaciones con Emile Noël /
Saved in:
| Format: | Book |
|---|---|
| Published: |
Buenos Aires :
Nueva Visión SAIC,
c1993.
|
| LEADER | 00373nam a22001097a 4500 | ||
|---|---|---|---|
| 003 | AR-BeUNQ | ||
| 005 | 20240301161252.0 | ||
| 999 | |c 32005 |d 115805 | ||
| 245 | |a Una historia de la razón : |c François Châtelet. |b Conversaciones con Emile Noël / | ||
| 260 | |a Buenos Aires : |b Nueva Visión SAIC, |c c1993. | ||
| 929 | |a DONACION |b Myriam Andrada |d 200,00 |e 20180809 |f PAT0073722 |g 3449 |h 1 |o PR | ||
| 942 | |c LIB |n 1 | ||